000 00608nam a2200181Ia 4500
003 GCL
008 140319s9999 xx 000 0 ara d
040 _aGCL /
_cGCL
082 0 4 _a1740.9097
_bع ج
100 1 _aعبدالوهاب كحيل
245 1 0 _aالجريمة والجنس : الاداب القرانية لنشر لقصص الجريمة فى الصحافة /
_cعبدالوهاب كحيل
260 _a[S.N] :
_bمكتبة التراث الاسلامى ،
_c1991
300 _a303 ص
490 _a
650 0 4 _aالصحافة
650 0 4 _aالاخلاق الصحفية
942 _2ddc
_cBK
999 _c53505
_d53505